00311nam a2200133Ia 4500008004100000020001500041041000800056082001600064100002000080245002800100260001900128300000800147650002200155210716s1963 xx 000 0 und d a0393001466 aeng a374.22 FRES aFreud, Sigmund. aAutobiographical study. aNew Yorkc1963 a141 aGeneral Knowledge